Youth deviance and social exclusion in Greece

Gespeichert in:  
Bibliographische Detailangaben
1. VerfasserIn: Vidali, Sophie (Verfasst von)
Medienart: Druck Aufsatz
Sprache:Englisch
Veröffentlicht: 1998
In: The new European criminology
Jahr: 1998, Seiten: 339-349
Verfügbarkeit prüfen: HBZ Gateway
Schlagwörter:

MARC

LEADER 00000caa a22000002c 4500
001 1525975641
003 DE-627
005 20220604105019.0
007 tu
008 160223s1998 xx ||||| 00| ||eng c
020 |a 0415162947 
035 |a (DE-627)1525975641 
035 |a (DE-576)455975647 
035 |a (DE-599)BSZ455975647 
040 |a DE-627  |b ger  |c DE-627  |e rakwb 
041 |a eng 
100 1 |a Vidali, Sophie  |4 aut 
245 1 0 |a Youth deviance and social exclusion in Greece  |c Sophie Vidali 
264 1 |c 1998 
336 |a Text  |b txt  |2 rdacontent 
337 |a ohne Hilfsmittel zu benutzen  |b n  |2 rdamedia 
338 |a Band  |b nc  |2 rdacarrier 
773 0 8 |i In  |t The new European criminology  |b 1. publ.  |d London [u.a.] : Routledge, 1998  |g (1998), Seite 339-349  |h XVII, 520 S.  |w (DE-627)241373131  |w (DE-576)067295665  |z 0415162939  |z 0415162947  |7 nnam 
773 1 8 |g year:1998  |g pages:339-349 
935 |a mkri 
951 |a AR 
ELC |b 1 
LOK |0 000 xxxxxcx a22 zn 4500 
LOK |0 001 2899466828 
LOK |0 003 DE-627 
LOK |0 004 1525975641 
LOK |0 005 20251016155130 
LOK |0 008 160208||||||||||||||||ger||||||| 
LOK |0 040   |a DE-21-110  |c DE-627  |d DE-21-110 
LOK |0 689   |a g  |a Griechenland 
LOK |0 689   |a s  |a Jugendkriminalität 
LOK |0 852   |a DE-21-110 
LOK |0 852 1  |m p  |9 00 
LOK |0 935   |a k110 
LOK |0 938   |k p 
LOK |0 939   |a 08-02-16  |b l01 
ORI |a SA-MARC-krimdoka001.raw